Database processing : fundamentals, design, and implementation

Bibliographic Details
Main Authors: Kroenke, David M. , 1948- (Author), Auer, David J. (Author)
Format: Book
Language:English
Published: England : Pearson Education , c2016
Edition:14th ed
Subjects:

MARC

LEADER 00000cam a2200000 7i4500
001 0000089913
005 20161102093000.0
008 160807s2016 enk eng
020 |a 1292107634 
020 |a 9781292107639 
050 0 0 |a QA76.9.D3   |b K76 2016 
090 0 0 |a QA76.9.D3   |b K76 2016 
100 1 |a Kroenke, David M. ,   |d 1948- ,   |e author 
245 1 0 |a Database processing :   |b fundamentals, design, and implementation   |c David M. Kroenke and David J. Auer 
250 |a 14th ed 
260 |a England :   |b Pearson Education ,   |c c2016 
300 |a 637 p. :   |b ill. (chiefly col.) ;   |c 28 cm. 
504 |a Includes bibliographical references (p. 611 - 612) and index 
505 0 |a 1. Introduction -- 2. Introduction to structured query language -- 3. The relational model and normalization -- 4. Database design using normalization -- 5. Data modelling with the entity relationship model -- 6. Transforming data models into database designs -- 7. SQL for database construction and application processing -- 8. Database redesign -- 9. Managing multiuser databases -- 10. Managing databases with microsoft SQL server 2014, oracle database, and MySQL 5.6 -- 11. The web server environment -- 12. Big data, data warehouses, and business intelligence systems 
650 0 |a Database management 
650 0 |a Database management   |x Problems, exercises, etc. 
700 1 |a Auer, David J. ,   |e author 
999 |a 1000167045   |b Book   |c Open Shelf (1 Day)   |e Tembila Campus